Znane osoby po opisach! - Statystyki

Ogólne statystyki
  • Ten quiz został rozwiązany 436 razy
  • Średni wynik to 6 z 8
Statystyki odpowiedzi
Opis osoby Imię i nazwisko % Poprawnych
Polsko-francuska chemiczka, odkrywczynipolonu i radu. Maria Skłodowska-Curie
95%
Angielski poeta ze znanymdziełem "Julia i Romeo". William Szekspir
88%
Amerykański piosenkarz, gwiazda popu.Przeszedł około 100 operacji. Chorował na bielactwo.
Michael Jackson
87%
Holenderski malarz, który
namalował m.in. "Gwiaździsta noc" oraz "Słoneczniki".
Vincent van Gogh
84%
Jamajski lekkoatleta, rekordzista w bieguna sto oraz dwieście metrów. Usain Bolt
75%
Argentyński piłkarz, najlepszy zawodnik XX w. Znany ze strzelenia bramki ręką. Diego Maradona
72%
Amerykański wrestler oraz raper. Znany zfederacji WWE oraz ze znanego gestu "You can't see me!". John Cena
51%
Kanadyjski reżyser, który wyprodukowałm.in. "Titanic", "Terminator" oraz "Avatar". James Cameron
50%
Nie znaleziono quizów pasujących do podanych kryteriów
Rozkład punktacji
Procent ludzi z każdym wynikiem
Percentyl według liczby udzielonych odpowiedzi
Twoja historia wyników
Nie rozwiązałeś tego quizu